The original new agent's guide starting & succeeding in real estate

Bibliographic Details
Main Author: Nash, Mark
Format: Book
Published: Ohio : Thompson Learning , 2004
Subjects:

MARC

LEADER 00000cam a2200000 7i4500
001 0000015873
005 20050921.0
020 |a 0324224044 
040 |a INS 
090 0 0 |a HD1375   |b N264 2004 
100 1 |a Nash, Mark 
245 1 0 |a The original new agent's guide starting & succeeding in real estate   |c Mark Nash 
260 |a Ohio :   |b Thompson Learning ,   |c 2004 
300 |a vii :   |b 192p. ;   |c 24cm. 
650 0 0 |a Real estate agents   |z United States 
650 0 0 |a Real estate business   |z United States 
999 |a 0000015662   |b BOOK   |c Open Shelf   |e Default branch